[Event "IV Festival A"]
[Site "Forni di Sopra ITA"]
[Date "2013.06.16"]
[Round "2"]
[White "Cocchi, Andrea"]
[Black "Rorato, Renzo"]
[WhiteElo "2304"]
[BlackElo "2015"]
[Result "1/2-1/2"]
[PlyCount "41"]
[EventDate "2013.06.15"]

1. Nf3 Nf6 2. c4 c5 3. Nc3 Nc6 4. g3 g6 5. d4 cxd4 6. Nxd4 Nxd4 7. Qxd4 Bg7 8.
Bg2 d6 9. O-O O-O 10. Qd3 Bf5 11. e4 Be6 12. Bd2 Qc8 13. b3 Bh3 14. Rac1 Qd7
15. Rfd1 Rfd8 16. Bg5 Rac8 17. Qe3 b6 18. Qe2 h6 19. Bf4 Kh7 20. f3 Qb7 21. Be3
1/2-1/2

[Event "IV Festival A"]
[Site "Forni di Sopra ITA"]
[Date "2013.06.16"]
[Round "2"]
[White "Codenotti, Marco"]
[Black "Dobboletta, Alex"]
[WhiteElo "2390"]
[BlackElo "1978"]
[Result "0-1"]
[PlyCount "88"]
[EventDate "2013.06.15"]

1. e4 c5 2. Nf3 d6 3. d4 cxd4 4. Nxd4 Nf6 5. Nc3 e6 6. g4 h6 7. Bg2 Nc6 8. Nxc6
bxc6 9. e5 Nd5 10. exd6 Bxd6 11. Ne4 Be5 12. c4 Nf4 13. Nd6+ Ke7 14. Bxc6 Ba6
15. Bxf4 Bxf4 16. Nb5 Qa5+ 17. Kf1 Rhd8 18. Qf3 Rac8 19. Kg2 Qb6 20. Qa3+ Bd6
21. Nxd6 Qxc6+ 22. Ne4+ Ke8 23. f3 f5 24. Nf2 fxg4 25. Nxg4 Rd2+ 26. Nf2 Qb6
27. Qa4+ Ke7 28. Qa3+ Kf7 29. Rhf1 Bxc4 30. Kg3 Bxf1 31. Rxf1 Rcc2 32. Ng4 Qd6+
33. Qxd6 Rxd6 34. a3 h5 35. Ne3 Re2 36. Nc4 Rd3 37. h4 Kf6 38. Rc1 Rb3 39. Rd1
Rb5 40. b4 Rd5 41. Rc1 Rd3 42. a4 e5 43. a5 e4 44. Rf1 Rc2 0-1

[Event "IV Festival A"]
[Site "Forni di Sopra ITA"]
[Date "2013.06.16"]
[Round "2"]
[White "Coppola, Federico"]
[Black "Borgo, Giulio"]
[WhiteElo "1930"]
[BlackElo "2378"]
[Result "0-1"]
[PlyCount "40"]
[EventDate "2013.06.15"]

1. e4 c6 2. d4 d5 3. f3 e6 4. Nc3 Bb4 5. Qd3 Ne7 6. Nge2 O-O 7. a3 Ba5 8. Be3
Nd7 9. b4 dxe4 10. Nxe4 Bc7 11. N2g3 h6 12. Nc5 Nf6 13. Be2 Nfd5 14. Rd1 Nxe3
15. Qxe3 Nd5 16. Qb3 Qh4 17. Kf2 e5 18. dxe5 Bxe5 19. Qc4 Bf4 20. Rxd5 cxd5 0-1

[Event "IV Festival A"]
[Site "Forni di Sopra ITA"]
[Date "2013.06.16"]
[Round "2"]
[White "D'Amore, Carlo"]
[Black "Medancic, Rikard"]
[WhiteElo "2485"]
[BlackElo "2238"]
[Result "1-0"]
[PlyCount "57"]
[EventDate "2013.06.15"]

1. Nf3 f5 2. d4 g6 3. h4 Nf6 4. Nc3 Bg7 5. h5 gxh5 6. Bg5 d5 7. e3 c6 8. Bxf6
exf6 9. Nh4 Qe7 10. Qxh5+ Qf7 11. Qf3 Be6 12. Bd3 Nd7 13. Ne2 O-O-O 14. Nf4 Bf8
15. Nxe6 Qxe6 16. Bxf5 Qe8 17. O-O-O Bd6 18. Rh3 Kb8 19. Bxd7 Rxd7 20. Nf5 Bc7
21. Rdh1 Qf8 22. Rh6 c5 23. c3 b5 24. Kb1 b4 25. c4 dxc4 26. Qc6 Qd8 27. Qxc5
b3 28. Qxc4 bxa2+ 29. Ka1 1-0

[Event "IV Festival A"]
[Site "Forni di Sopra ITA"]
[Date "2013.06.16"]
[Round "2"]
[White "Laketic, Gojko"]
[Black "Logallo, Claudio"]
[WhiteElo "2410"]
[BlackElo "2068"]
[Result "1-0"]
[PlyCount "75"]
[EventDate "2013.06.15"]

1. d4 Nf6 2. Nf3 g6 3. c4 Bg7 4. Nc3 d6 5. e4 O-O 6. Be2 e5 7. d5 a5 8. Bg5 Na6
9. Nd2 Qe8 10. a3 Bd7 11. b3 h6 12. Be3 Nc5 13. O-O Nh7 14. b4 axb4 15. axb4
Na4 16. Qc2 Nxc3 17. Qxc3 f5 18. Rxa8 Qxa8 19. f3 Nf6 20. Ra1 Qd8 21. Ra7 Bc8
22. c5 Nh5 23. Ra8 Nf4 24. Bf1 Qd7 25. c6 bxc6 26. Qxc6 Qe7 27. Ra7 Rf7 28. Kh1
fxe4 29. fxe4 Nh5 30. b5 Qh4 31. Rxc7 Ng3+ 32. Kg1 Rxf1+ 33. Nxf1 Ne2+ 34. Kh1
Bh3 35. Qe8+ Kh7 36. Qf7 Bxg2+ 37. Kxg2 Qxe4+ 38. Kf2 1-0

[Event "IV Festival A"]
[Site "Forni di Sopra ITA"]
[Date "2013.06.16"]
[Round "2"]
[White "Lazic, Miroljub"]
[Black "Santagati, Alessandro"]
[WhiteElo "2467"]
[BlackElo "2216"]
[Result "1-0"]
[PlyCount "49"]
[EventDate "2013.06.15"]

1. g3 Nf6 2. Bg2 g6 3. e4 d6 4. d4 Bg7 5. Nc3 O-O 6. h3 e5 7. Nge2 c6 8. a4 a5
9. Be3 Nbd7 10. Qd2 Re8 11. Rd1 Qc7 12. O-O exd4 13. Bxd4 Ne5 14. b3 c5 15. Nb5
Qc6 16. Bxe5 dxe5 17. Nec3 Be6 18. Nd5 Rad8 19. Ne7+ Rxe7 20. Qxd8+ Re8 21.
Qxa5 b6 22. Qa7 Nxe4 23. Nd6 Ra8 24. Nxe4 Qxe4 25. Qxa8+ 1-0

[Event "IV Festival A"]
[Site "Forni di Sopra ITA"]
[Date "2013.06.16"]
[Round "2"]
[White "Moskalenko, Viktor"]
[Black "Boscolo, Federico"]
[WhiteElo "2536"]
[BlackElo "2314"]
[Result "0-1"]
[PlyCount "80"]
[EventDate "2013.06.15"]

1. d4 Nf6 2. c4 g6 3. Nc3 Bg7 4. e4 d6 5. f4 c5 6. d5 O-O 7. Bd3 e6 8. dxe6
fxe6 9. Nf3 Nc6 10. O-O Qe7 11. Ng5 Nd4 12. Qe1 Bd7 13. Qh4 Nh5 14. Qg4 Rae8
15. Bd2 a6 16. Rae1 Qd8 17. e5 Nf5 18. exd6 e5 19. Nd5 Nxd6 20. Qh4 e4 21. g4
exd3 22. gxh5 Nf5 23. Qh3 Ne3 24. Qg3 Nxf1 25. Rxf1 Bf5 26. hxg6 Bxg6 27. Bc3
Qd7 28. Nf3 Bxc3 29. bxc3 Qf7 30. h4 Kh8 31. Rf2 Rg8 32. Kh2 Bh5 33. Ne5 Qf5
34. Qh3 Qxh3+ 35. Kxh3 Be2 36. Nf3 Bxf3 37. Rxf3 Re1 38. Kh2 Re2+ 39. Kh3 Re1
40. Kh2 d2 0-1

[Event "IV Festival A"]
[Site "Forni di Sopra ITA"]
[Date "2013.06.16"]
[Round "2"]
[White "Naumkin, Igor"]
[Black "Oussedik, Elias"]
[WhiteElo "2457"]
[BlackElo "2058"]
[Result "1/2-1/2"]
[PlyCount "56"]
[EventDate "2013.06.15"]

1. d4 e6 2. c4 Nf6 3. Nf3 c5 4. d5 d6 5. Nc3 exd5 6. cxd5 g6 7. e4 a6 8. a4 Bg4
9. Be2 Bxf3 10. Bxf3 Bg7 11. O-O O-O 12. Bf4 Qe7 13. Re1 Nbd7 14. Qc2 Rfe8 15.
h3 Rac8 16. a5 h5 17. Ra4 Nh7 18. Be2 Bd4 19. Bf1 Qf6 20. Qd2 g5 21. Be3 Bxe3
22. Rxe3 Ne5 23. Ne2 h4 24. Rc3 Nf8 25. f4 gxf4 26. Qxf4 Qxf4 27. Nxf4 Nfd7 28.
Nh5 Kh7 1/2-1/2

[Event "IV Festival A"]
[Site "Forni di Sopra ITA"]
[Date "2013.06.16"]
[Round "2"]
[White "Pancevski, Filip"]
[Black "Albano, Marco"]
[WhiteElo "2513"]
[BlackElo "2256"]
[Result "0-1"]
[PlyCount "36"]
[EventDate "2013.06.15"]

1. e4 e5 2. Nf3 Nc6 3. Bb5 Nf6 4. d3 d6 5. c3 Be7 6. Nbd2 O-O 7. O-O a6 8. Ba4
b5 9. Bc2 Re8 10. Re1 d5 11. h3 dxe4 12. dxe4 Bc5 13. Nh4 Ng4 14. hxg4 Qxh4 15.
Qe2 Bxg4 16. Qf1 Re6 17. Nb3 Bb6 18. Be3 Bf3 0-1

[Event "IV Festival A"]
[Site "Forni di Sopra ITA"]
[Date "2013.06.16"]
[Round "2"]
[White "Pegoraro, Nicola"]
[Black "Sundararajan, Kidambi"]
[WhiteElo "2021"]
[BlackElo "2428"]
[Result "0-1"]
[PlyCount "64"]
[EventDate "2013.06.15"]

1. e4 c5 2. Nf3 e6 3. d4 cxd4 4. Nxd4 Nc6 5. Be2 Nf6 6. Nc3 d6 7. Be3 Be7 8.
O-O O-O 9. f4 a6 10. Qe1 Nxd4 11. Bxd4 b5 12. Bf3 Bb7 13. Rd1 Qc7 14. a3 e5 15.
Be3 Rfe8 16. Qf2 Bf8 17. f5 Rac8 18. g4 d5 19. exd5 e4 20. Be2 Bxa3 21. d6 Bxd6
22. g5 b4 23. gxf6 bxc3 24. Qg2 Bf8 25. b3 Qc6 26. fxg7 Bc5 27. Qf2 Bxe3 28.
Qxe3 Kxg7 29. Kh1 Kh8 30. Bc4 Qc5 31. Qxc3+ Re5 32. b4 e3+ 0-1

[Event "IV Festival A"]
[Site "Forni di Sopra ITA"]
[Date "2013.06.16"]
[Round "2"]
[White "Pozzobon, Davide"]
[Black "Tania, Sachdev"]
[WhiteElo "1939"]
[BlackElo "2408"]
[Result "0-1"]
[PlyCount "106"]
[EventDate "2013.06.15"]

1. e4 e5 2. Nf3 Nc6 3. d4 exd4 4. Bc4 d6 5. Nxd4 Nf6 6. Nc3 Be7 7. Bb3 Bd7 8.
O-O O-O 9. Re1 Re8 10. Nf5 Bxf5 11. exf5 Qd7 12. Qd3 h6 13. Bd2 Bf8 14. Nd5
Nxd5 15. Bxd5 Ne5 16. Qg3 c6 17. Bb3 Qxf5 18. Bxh6 d5 19. c3 Re6 20. Bf4 Bd6
21. Re3 Rg6 22. Bxe5 Rxg3 23. Bxg3 Bxg3 24. hxg3 Qf6 25. Rae1 Kf8 26. Re5 b5
27. Bc2 g6 28. Bd1 a5 29. Bg4 b4 30. Bd1 Rb8 31. Bb3 bxc3 32. bxc3 a4 33. Bxa4
Rb2 34. Re8+ Kg7 35. R8e2 Qxc3 36. Bb3 Rxe2 37. Rxe2 Qc1+ 38. Kh2 Qh6+ 39. Kg1
Qc1+ 40. Kh2 Qc5 41. f4 Qd6 42. Re5 d4 43. a4 Qb4 44. Bd1 c5 45. Rd5 Qc3 46.
Be2 Kf6 47. Bf3 Ke7 48. Kh3 Ke6 49. Re5+ Kd6 50. Rd5+ Kc7 51. Re5 d3 52. Re7+
Kd6 53. Rxf7 Qh8+ 0-1

[Event "IV Festival A"]
[Site "Forni di Sopra ITA"]
[Date "2013.06.16"]
[Round "2"]
[White "Rambaldi, Francesco"]
[Black "Dvirnyy, Danyyil"]
[WhiteElo "2340"]
[BlackElo "2540"]
[Result "0-1"]
[PlyCount "84"]
[EventDate "2013.06.15"]

1. e4 e5 2. Nf3 Nc6 3. Nc3 Nf6 4. Bb5 Bb4 5. O-O Bxc3 6. bxc3 O-O 7. Re1 Qe7 8.
d4 d6 9. h3 Nd8 10. Rb1 a6 11. Bd3 Nd7 12. Bg5 f6 13. Be3 Re8 14. Nh4 g6 15. f4
exf4 16. Bxf4 Nf8 17. Bd2 b5 18. Qf3 Bb7 19. Qg3 Kh8 20. Kh1 c5 21. c4 b4 22.
c3 a5 23. a3 Nc6 24. axb4 axb4 25. cxb4 cxd4 26. Qf2 Ra2 27. Re2 Ra3 28. c5
Rxd3 29. b5 Ne5 30. c6 Bc8 31. Bb4 Ne6 32. Bxd6 Qxd6 33. Qxf6+ Kg8 34. Nf5 gxf5
35. exf5 Re3 36. Rf2 Rf8 37. Qh6 Nf7 38. Qh4 Neg5 39. b6 Re4 40. Qh5 Qxc6 41.
h4 Nh3 42. Rf3 Nf4 0-1

[Event "IV Festival A"]
[Site "Forni di Sopra ITA"]
[Date "2013.06.16"]
[Round "2"]
[White "Ricci, Marco"]
[Black "Falchi, Claudio"]
[WhiteElo "2089"]
[BlackElo "1936"]
[Result "1/2-1/2"]
[PlyCount "65"]
[EventDate "2013.06.15"]

1. e4 b6 2. d4 Bb7 3. Bd3 Nf6 4. Nc3 e6 5. f3 c5 6. Be3 cxd4 7. Bxd4 Nc6 8. Be3
d5 9. exd5 Nxd5 10. Nxd5 exd5 11. Ne2 Bc5 12. Qd2 O-O 13. c3 Ne5 14. O-O-O Re8
15. Bd4 Nxd3+ 16. Qxd3 Qg5+ 17. Rd2 a5 18. f4 Qh6 19. g3 Qh5 20. g4 Qh4 21. Qf3
Re7 22. Ng3 Rae8 23. Nf5 Re1+ 24. Kc2 Qd8 25. Rxe1 Rxe1 26. Bxg7 Qd7 27. b3 d4
28. Qg3 Be4+ 29. Rd3 Bxd3+ 30. Qxd3 Qe6 31. Bxd4 Re2+ 32. Kb1 Re1+ 33. Kc2
1/2-1/2

[Event "IV Festival A"]
[Site "Forni di Sopra ITA"]
[Date "2013.06.16"]
[Round "2"]
[White "Rothebarth de Paula, Ana Vitoria"]
[Black "Valsecchi, Alessio"]
[WhiteElo "2006"]
[BlackElo "2422"]
[Result "0-1"]
[PlyCount "48"]
[EventDate "2013.06.15"]

1. e4 e6 2. f4 d5 3. e5 Nh6 4. c3 c5 5. Nf3 Be7 6. Bd3 Nc6 7. Bc2 Qb6 8. d3 Bd7
9. b3 O-O 10. O-O f6 11. d4 cxd4 12. cxd4 Rac8 13. Bb2 fxe5 14. Nxe5 Nxe5 15.
fxe5 Rxf1+ 16. Kxf1 Bg5 17. Kg1 Qa5 18. Na3 Be7 19. Qd3 g6 20. b4 Qxb4 21. Rb1
Qa5 22. Qb3 b6 23. h3 Bxa3 24. Qxa3 Qxa3 0-1

[Event "IV Festival A"]
[Site "Forni di Sopra ITA"]
[Date "2013.06.16"]
[Round "2"]
[White "Saravanan, Venkatachalam"]
[Black "Petrone, Gianmario"]
[WhiteElo "2371"]
[BlackElo "1956"]
[Result "1-0"]
[PlyCount "55"]
[EventDate "2013.06.15"]

1. Nf3 Nf6 2. c4 g6 3. Nc3 Bg7 4. e4 d6 5. d4 O-O 6. Be2 e5 7. Be3 exd4 8. Nxd4
Re8 9. f3 Nc6 10. O-O Nh5 11. Nc2 Be6 12. Qd2 f5 13. Rad1 Nf6 14. Bg5 Qc8 15.
exf5 Bxf5 16. Ne3 Be6 17. Ncd5 Bxd5 18. cxd5 Ne5 19. Bxf6 Bxf6 20. f4 Nf7 21.
Bg4 Qd8 22. Be6 c6 23. Rde1 Qb6 24. Kh1 Qxb2 25. Qxb2 Bxb2 26. Rb1 Bd4 27. Rxb7
Rf8 28. Nc4 1-0

[Event "IV Festival A"]
[Site "Forni di Sopra ITA"]
[Date "2013.06.17"]
[Round "3"]
[White "Basso, Pier Luigi"]
[Black "Pozzobon, Davide"]
[WhiteElo "2231"]
[BlackElo "1939"]
[Result "1-0"]
[PlyCount "35"]
[EventDate "2013.06.15"]

1. Nf3 d6 2. d4 f5 3. g3 Nf6 4. Bg2 g6 5. c4 Bg7 6. Nc3 O-O 7. d5 a5 8. O-O Bd7
9. Rb1 Na6 10. Be3 c6 11. a3 Rb8 12. b4 b5 13. dxc6 Bxc6 14. cxb5 axb4 15. axb4
Bxb5 16. Nxb5 Rxb5 17. Nd4 Qe8 18. Bc6 1-0

[Event "IV Festival A"]
[Site "Forni di Sopra ITA"]
[Date "2013.06.17"]
[Round "3"]
[White "Bellincampi, Stefano"]
[Black "Altini, Nicola"]
[WhiteElo "2040"]
[BlackElo "2323"]
[Result "0-1"]
[PlyCount "84"]
[EventDate "2013.06.15"]

1. e4 e5 2. Nf3 Nc6 3. Nc3 Nf6 4. Bb5 Bb4 5. O-O O-O 6. Bxc6 dxc6 7. Nxe5 Re8
8. Nd3 Bxc3 9. dxc3 Nxe4 10. Bf4 Bf5 11. Qf3 Qf6 12. Rfe1 Re7 13. Re2 Rae8 14.
Rae1 g5 15. Bxc7 Nd2 16. Qh5 Bxd3 17. cxd3 Nf3+ 18. gxf3 Rxe2 19. Rxe2 Rxe2 20.
f4 Re1+ 21. Kg2 gxf4 22. Kf3 Qg6 23. Qxg6+ fxg6 24. Bb8 Ra1 25. a3 a5 26. c4 g5
27. h4 gxh4 28. Bxf4 Kf7 29. Bd2 a4 30. d4 Rd1 31. Bc3 h3 32. Kg3 Rd3+ 33. f3
h2 34. Kxh2 Rxf3 35. Kg2 Rd3 36. Kf2 Ke6 37. Ke2 Rh3 38. Kf2 b5 39. d5+ cxd5
40. cxb5 Kd6 41. Bd4 Rb3 42. b6 Kc6 0-1

[Event "IV Festival A"]
[Site "Forni di Sopra ITA"]
[Date "2013.06.17"]
[Round "3"]
[White "Borgo, Giulio"]
[Black "D'Amore, Carlo"]
[WhiteElo "2378"]
[BlackElo "2485"]
[Result "1/2-1/2"]
[PlyCount "22"]
[EventDate "2013.06.15"]

1. e4 e5 2. Nf3 Nc6 3. Bb5 Nf6 4. O-O Nxe4 5. Re1 Nd6 6. Nxe5 Be7 7. Bf1 Nf5 8.
c3 O-O 9. d4 Nxe5 10. Rxe5 d6 11. Re1 d5 1/2-1/2

[Event "IV Festival A"]
[Site "Forni di Sopra ITA"]
[Date "2013.06.17"]
[Round "3"]
[White "Dobboletta, Alex"]
[Black "Naumkin, Igor"]
[WhiteElo "1978"]
[BlackElo "2457"]
[Result "0-1"]
[PlyCount "36"]
[EventDate "2013.06.15"]

1. e4 e6 2. Qe2 Be7 3. Nf3 d5 4. d3 Nf6 5. g3 O-O 6. Bg2 c5 7. O-O Nc6 8. e5
Ne8 9. c4 Nc7 10. Nc3 Rb8 11. h4 b5 12. Ng5 h6 13. Nh3 bxc4 14. dxc4 Nd4 15.
Qh5 Ba6 16. Rd1 Bxc4 17. g4 Ncb5 18. g5 g6 0-1

[Event "IV Festival A"]
[Site "Forni di Sopra ITA"]
[Date "2013.06.17"]
[Round "3"]
[White "Garcia Palermo, Carlos Horacio"]
[Black "Martinez, Ayelen"]
[WhiteElo "2468"]
[BlackElo "2106"]
[Result "1-0"]
[PlyCount "61"]
[EventDate "2013.06.15"]

1. d4 Nf6 2. c4 g6 3. Nc3 Bg7 4. e4 d6 5. f4 O-O 6. Nf3 c5 7. dxc5 Qa5 8. Bd3
Qxc5 9. Qe2 Nc6 10. Be3 Qa5 11. Rc1 Bg4 12. O-O Nd7 13. Qd2 Rfc8 14. Rf2 a6 15.
a3 Bxf3 16. gxf3 Nd4 17. Qd1 Qh5 18. Bf1 Ne6 19. Nd5 Kf8 20. Rg2 Rc6 21. Rg3
Bxb2 22. Rh3 Bxc1 23. Qxc1 Qxh3 24. Bxh3 Ke8 25. f5 Nec5 26. fxg6 hxg6 27. Bxc5
dxc5 28. Qg5 Nf6 29. Qe5 Kf8 30. Qxe7+ Kg7 31. Qxb7 1-0

[Event "IV Festival A"]
[Site "Forni di Sopra ITA"]
[Date "2013.06.17"]
[Round "3"]
[White "Horvath, Csaba"]
[Black "Valsecchi, Alessio"]
[WhiteElo "1807"]
[BlackElo "2422"]
[Result "1/2-1/2"]
[PlyCount "38"]
[EventDate "2013.06.15"]

1. d4 Nf6 2. c4 g6 3. Nc3 d5 4. Nf3 Bg7 5. Qb3 dxc4 6. Qxc4 O-O 7. e4 Na6 8.
Be2 c5 9. d5 e6 10. O-O exd5 11. exd5 Bf5 12. Be3 Qb6 13. b3 Rad8 14. Rad1 Rfe8
15. Na4 Qd6 16. Nxc5 Nxc5 17. Bxc5 Qd7 18. Bd4 Rc8 19. Qb5 Ne4 1/2-1/2

[Event "IV Festival A"]
[Site "Forni di Sopra ITA"]
[Date "2013.06.17"]
[Round "4"]
[White "Albano, Marco"]
[Black "Levin, Felix"]
[WhiteElo "2256"]
[BlackElo "2497"]
[Result "1-0"]
[PlyCount "67"]
[EventDate "2013.06.15"]

1. d4 Nf6 2. c4 c5 3. d5 e6 4. Nc3 exd5 5. cxd5 d6 6. e4 g6 7. Nf3 a6 8. a4 Bg4
9. Be2 Bxf3 10. Bxf3 Bg7 11. h4 h6 12. Bf4 O-O 13. Qd2 Kh7 14. g4 Ne8 15. Be2
Nd7 16. Be3 Nc7 17. h5 g5 18. f4 gxf4 19. Bxf4 Ne5 20. g5 hxg5 21. Bxg5 Bf6 22.
Bf4 b5 23. O-O-O Rg8 24. Rdg1 Qd7 25. Bxe5 Bxe5 26. Rg6 Rg7 27. Qh6+ Kg8 28.
Rxg7+ Bxg7 29. Rg1 Ne8 30. Qg5 Kf8 31. h6 Bf6 32. Qg8+ Ke7 33. Bg4 Qd8 34. Be6
1-0

[Event "IV Festival A"]
[Site "Forni di Sopra ITA"]
[Date "2013.06.17"]
[Round "4"]
[White "Bruno, Fabio"]
[Black "Medancic, Rikard"]
[WhiteElo "2422"]
[BlackElo "2238"]
[Result "1/2-1/2"]
[PlyCount "55"]
[EventDate "2013.06.15"]

1. d4 d5 2. Bf4 Nf6 3. e3 Bf5 4. c4 c6 5. Nc3 Qb6 6. Qb3 Nbd7 7. Nf3 e6 8. c5
Qxb3 9. axb3 a6 10. h3 h6 11. b4 Rc8 12. g4 Bh7 13. Nd2 Be7 14. f3 Bd8 15. Nb3
O-O 16. Na5 Bxa5 17. bxa5 Rfe8 18. Kd2 e5 19. Bg3 Re7 20. Ra4 Ne8 21. Rb4 Rc7
22. Bg2 f6 23. h4 g5 24. Ne2 Ng7 25. hxg5 hxg5 26. Rh6 Ne6 27. Bf1 Kg7 28. Rh2
1/2-1/2

[Event "IV Festival A"]
[Site "Forni di Sopra ITA"]
[Date "2013.06.17"]
[Round "4"]
[White "Codenotti, Marco"]
[Black "Basso, Pier Luigi"]
[WhiteElo "2390"]
[BlackElo "2231"]
[Result "1-0"]
[PlyCount "51"]
[EventDate "2013.06.15"]

1. e4 c5 2. Nf3 d6 3. d4 cxd4 4. Nxd4 Nf6 5. Nc3 a6 6. Be3 e5 7. Nf3 Be7 8. Bc4
O-O 9. O-O Qc7 10. Qe2 b5 11. Bb3 Bb7 12. Bg5 b4 13. Bxf6 bxc3 14. Bxe7 cxb2
15. Bxf8 bxa1=Q 16. Rxa1 Kxf8 17. Ng5 h6 18. Nxf7 d5 19. Nh8 Kg8 20. Ng6 Qd6
21. Qh5 Nd7 22. exd5 Nf6 23. Qxe5 Qxe5 24. Nxe5 Bxd5 25. Nd7 Kf7 26. Nb6 1-0

[Event "IV Festival A"]
[Site "Forni di Sopra ITA"]
[Date "2013.06.17"]
[Round "4"]
[White "D'Amore, Carlo"]
[Black "Boscolo, Federico"]
[WhiteElo "2485"]
[BlackElo "2314"]
[Result "1-0"]
[PlyCount "61"]
[EventDate "2013.06.15"]

1. Nf3 Nf6 2. g3 g6 3. Bg2 Bg7 4. O-O O-O 5. d4 d6 6. b3 e5 7. dxe5 dxe5 8. Ba3
Qxd1 9. Rxd1 Re8 10. Nc3 c6 11. Nd2 Bf5 12. Nc4 Nbd7 13. Nd6 Bf8 14. Nxe8 Bxa3
15. Nxf6+ Nxf6 16. e4 Bb2 17. Rab1 Bxc3 18. exf5 gxf5 19. b4 Bd4 20. Rb3 a5 21.
b5 cxb5 22. c3 a4 23. Rxb5 Bxc3 24. Bxb7 Rb8 25. Rc1 Bd4 26. Bc8 Ne4 27. Bxf5
Nxf2 28. Kg2 Nd1 29. Bd3 Nc3 30. Rb7 Nxa2 31. Bxh7+ 1-0

[Event "IV Festival A"]
[Site "Forni di Sopra ITA"]
[Date "2013.06.17"]
[Round "4"]
[White "Formento, Paolo"]
[Black "Garcia Palermo, Carlos Horacio"]
[WhiteElo "2249"]
[BlackElo "2468"]
[Result "0-1"]
[PlyCount "138"]
[EventDate "2013.06.15"]

1. e4 c5 2. Nf3 e6 3. d3 d5 4. Qe2 Ne7 5. g3 Nbc6 6. Bg2 g6 7. h4 h6 8. c3 Bg7
9. e5 Qc7 10. Bf4 b6 11. Na3 Ba6 12. Rc1 g5 13. hxg5 hxg5 14. Rxh8+ Bxh8 15.
Bxg5 Nxe5 16. Nxe5 Qxe5 17. Qxe5 Bxe5 18. Kd2 f6 19. Be3 Nf5 20. Nc2 Kf7 21.
Rh1 Rg8 22. Rh7+ Rg7 23. Rxg7+ Kxg7 24. g4 Nh4 25. Bh1 Bd6 26. d4 c4 27. Ne1
Ng6 28. Ng2 Bb5 29. Ke2 Ba4 30. Kd2 a5 31. Kc1 Bd7 32. Ne1 b5 33. a3 Nf4 34.
Bf3 Be8 35. Bd1 Bg6 36. Bc2 Bxc2 37. Kxc2 Kg6 38. Bxf4 Bxf4 39. Ng2 Kg5 40. f3
e5 41. a4 bxa4 42. Kd1 exd4 43. cxd4 f5 44. gxf5 Kxf5 45. Kc2 Bg5 46. Kc3 Bc1
47. Kc2 Bg5 48. Kc3 Ke6 49. Kc2 Kd6 50. Kc3 Bc1 51. Kc2 a3 52. bxa3 Bxa3 53.
Nf4 Bb4 54. Nh5 a4 55. Nf4 Kc6 56. Nh5 a3 57. Nf4 a2 58. Kb2 Bc3+ 59. Kxa2 Bxd4
60. Kb1 Be5 61. Ng6 Bf6 62. Nf4 Kd6 63. Kc2 Ke5 64. Ne2 d4 65. Ng3 Be7 66. Ne4
Bb4 67. Ng5 d3+ 68. Kc1 c3 69. f4+ Kd5 0-1

[Event "IV Festival A"]
[Site "Forni di Sopra ITA"]
[Date "2013.06.17"]
[Round "4"]
[White "Moskalenko, Viktor"]
[Black "Cocchi, Andrea"]
[WhiteElo "2536"]
[BlackElo "2304"]
[Result "1-0"]
[PlyCount "75"]
[EventDate "2013.06.15"]

1. d4 d5 2. c4 dxc4 3. e3 Nf6 4. Bxc4 e6 5. Nf3 a6 6. O-O c5 7. Bb3 Nc6 8. Qe2
Be7 9. dxc5 Bxc5 10. e4 Qc7 11. e5 Ng4 12. Bf4 f5 13. Nbd2 O-O 14. Rac1 b6 15.
h3 Nh6 16. Be3 Qa7 17. Nc4 Nf7 18. Nxb6 Bxb6 19. Rxc6 Bxe3 20. Qxe3 Qxe3 21.
fxe3 Re8 22. Rfc1 a5 23. R1c5 Kf8 24. Nd4 Bd7 25. Nxe6+ Bxe6 26. Rxe6 a4 27.
Rxe8+ Kxe8 28. Bc4 Rb8 29. Bb5+ Kd8 30. Bxa4 Rxb2 31. Bb3 Ng5 32. e6 g6 33. Ra5
Re2 34. h4 Ne4 35. Ra7 Re1+ 36. Kh2 Nc5 37. e7+ Ke8 38. Bd5 1-0

[Event "IV Festival A"]
[Site "Forni di Sopra ITA"]
[Date "2013.06.17"]
[Round "4"]
[White "Sundararajan, Kidambi"]
[Black "Dvirnyy, Danyyil"]
[WhiteElo "2428"]
[BlackElo "2540"]
[Result "0-1"]
[PlyCount "124"]
[EventDate "2013.06.15"]

1. d4 Nf6 2. c4 g6 3. Nc3 Bg7 4. e4 d6 5. h3 O-O 6. Be3 Na6 7. Nf3 c5 8. d5 e6
9. Bd3 exd5 10. exd5 Nb4 11. Bb1 b5 12. a3 Qa5 13. axb4 Qxa1 14. Nxb5 Qxb2 15.
O-O Qxb4 16. Nxd6 Ba6 17. Ne5 Qb6 18. Nc6 Rfd8 19. Bf4 Rxd6 20. Bxd6 Bxc4 21.
Re1 Nxd5 22. Ne5 Bb3 23. Bc2 Ba2 24. Qf3 Qxd6 25. Qxf7+ Kh8 26. Bxg6 Qf6 27.
Bb1 Bxb1 28. Qxd5 Rf8 29. Qxc5 Qf5 30. g4 Qf4 31. Nd7 Qd2 32. Re7 Qd1+ 33. Kh2
Be4 34. Rxe4 Qxd7 35. Re7 Rxf2+ 36. Kg3 Qd3+ 37. Re3 Qf1 38. Re8+ Rf8 39. Rxf8+
Bxf8 40. Qe5+ Kg8 41. Qg5+ Bg7 42. Qd5+ Qf7 43. Qd8+ Qf8 44. Qd5+ Kh8 45. g5
Qa3+ 46. Kg4 Qa4+ 47. Kg3 Qe8 48. Kg4 Qe2+ 49. Kh4 Qe8 50. Kg4 a6 51. h4 h5+
52. gxh6 Qe2+ 53. Kh3 Qe3+ 54. Kg2 Qxh6 55. h5 Qf6 56. Kh3 Kh7 57. Qe4+ Kh6 58.
Qd5 Qc3+ 59. Kg2 a5 60. Qf5 Qd2+ 61. Kh3 Qg5 62. Qe6+ Bf6 0-1

[Event "IV Festival A"]
[Site "Forni di Sopra ITA"]
[Date "2013.06.17"]
[Round "4"]
[White "Tania, Sachdev"]
[Black "Hambleton, Aman"]
[WhiteElo "2408"]
[BlackElo "2461"]
[Result "0-1"]
[PlyCount "74"]
[EventDate "2013.06.15"]

1. d4 e6 2. c4 Nf6 3. Nf3 b6 4. a3 Bb7 5. Nc3 d5 6. cxd5 Nxd5 7. Qc2 Be7 8. e4
Nxc3 9. bxc3 O-O 10. Bd3 c5 11. O-O Qc8 12. Qe2 Ba6 13. Rd1 Bxd3 14. Rxd3 Qa6
15. Bf4 Nd7 16. h4 Rad8 17. Qe3 cxd4 18. cxd4 Rc8 19. h5 h6 20. Rad1 Rfe8 21.
e5 Bf8 22. Nd2 f5 23. Nf1 Kh8 24. Qg3 Be7 25. Qg6 Nf8 26. Qg3 Red8 27. Qf3 Rc2
28. g4 Bh4 29. Be3 f4 30. Qxf4 Nh7 31. Qh2 Ng5 32. Kg2 Bxf2 33. Bxf2 Rf8 34.
R3d2 Rxd2 35. Rxd2 Qb7+ 36. d5 Ne4 37. Qh3 Qxd5 0-1

[Event "IV Festival A"]
[Site "Forni di Sopra ITA"]
[Date "2013.06.17"]
[Round "4"]
[White "Valsecchi, Alessio"]
[Black "Pancevski, Filip"]
[WhiteElo "2422"]
[BlackElo "2513"]
[Result "0-1"]
[PlyCount "94"]
[EventDate "2013.06.15"]

1. Nf3 d6 2. d4 g6 3. e4 Bg7 4. h3 Nf6 5. Nc3 c6 6. a4 O-O 7. Be3 Qc7 8. Bd3 e5
9. O-O Nbd7 10. a5 exd4 11. Bxd4 Re8 12. Bc4 Ne5 13. Nxe5 dxe5 14. Be3 Nh5 15.
Qf3 Nf4 16. Rfd1 Be6 17. Bf1 Qe7 18. Na4 Bc8 19. c3 h5 20. b4 Qf6 21. Kh1 g5
22. Qg3 g4 23. h4 Bh6 24. Nc5 Rd8 25. Rxd8+ Qxd8 26. Qh2 Bf8 27. Bc4 Ng6 28.
Nd3 Be6 29. Bg5 Qd6 30. Bxe6 Qxd3 31. Bf5 Qxc3 32. Rc1 Qb2 33. a6 bxa6 34. Qg3
Rd8 35. Bxg6 fxg6 36. Qe3 Rd6 37. Qxa7 Qxb4 38. Qxa6 Qxe4 39. Qa8 Re6 40. Rd1
Qf5 41. Qa2 Qf7 42. Qc2 Kh7 43. Rd8 Re8 44. Rd3 Rc8 45. f3 Qe8 46. Qf2 Ra8 47.
Qf1 e4 0-1

[Event "IV Festival A"]
[Site "Forni di Sopra ITA"]
[Date "2013.06.18"]
[Round "5"]
[White "Borgo, Giulio"]
[Black "Naumkin, Igor"]
[WhiteElo "2378"]
[BlackElo "2457"]
[Result "1/2-1/2"]
[PlyCount "29"]
[EventDate "2013.06.15"]

1. e4 e5 2. Nf3 Nc6 3. Bb5 a6 4. Ba4 Nf6 5. O-O Be7 6. Re1 b5 7. Bb3 O-O 8. h3
d6 9. c3 Na5 10. Bc2 c5 11. d4 Nd7 12. dxe5 dxe5 13. Nbd2 Bb7 14. Nf1 f6 15.
Ne3 1/2-1/2